000 00733nam a2200205Ia 4500
001 10320
003 GE_BSU
008 181216s||||||||xx |||||||||||||| ||und||
040 _cGE_BSU
080 _a821.353.1.09+821.353.1-92+821.353.1-83
100 _aფანჯიკიძე,გურამ
245 _aწერილები დიალოგები
245 _bქართული ლიტერატურის ისტორია და კრიტიკა
245 _cრედ.ცისანა ჩხაიძე.მხატვ.გ.ღლონტი
260 _aთბილისი
260 _bნაკადული
260 _c1984
300 _a394გვ.21სმ.
942 _cBK
999 _c43586
_d43586